000 00348nam a2200145Ia 4500
008 100415s9999 xx 000 0 und d
082 _b134
_a574(46)
100 _aChapman A
245 _aUnexplored Spain
260 _aLONDON
_c1910
_bEDWARD ARNOLD
365 _b0
630 _aUnexplored Spain
730 _aUnexplored Spain
942 _cBOOK
999 _c583217
_d583214